Southville International School and Colleges
Your cart is empty.
  • Cart
  • Lists
    Public lists Eva Luna New books Lux_list list_1
    Your lists Log in to create your own lists
  • Log in to your account
  • Your cookies
  • Search history
Southville International School and Colleges
  • Advanced search
  • Recent comments
  • Most popular
  • Libraries

Log in to your account

Log in with GOOGLE


If you do not have an external account, but do have a local account, you can still log in:

  1. Home
  2. MARC view: Codes and ciphers.
Normal view MARC view ISBD view

Codes and ciphers. (Record no. 114501)

[ view plain ]
MARC details
000 -LEADER
fixed length control field 00947nam a2200205 a 4500
005 - DATE AND TIME OF LATEST TRANSACTION
control field 20140414132102.0
008 - FIXED-LENGTH DATA ELEMENTS--GENERAL INFORMATION
fixed length control field 100722s19uu xx 00 eng d
020 ## - INTERNATIONAL STANDARD BOOK NUMBER
International Standard Book Number 9781595665942
050 ## - LIBRARY OF CONGRESS CALL NUMBER
Classification number M 652.8
Item number G54 2008
100 ## - MAIN ENTRY--PERSONAL NAME
Personal name Gilbert, Adrian
245 ## - TITLE STATEMENT
Title Codes and ciphers.
260 ## - PUBLICATION, DISTRIBUTION, ETC. (IMPRINT)
Place of publication, distribution, etc London :
Name of publisher, distributor, etc QED,
Date of publication, distribution, etc 2008.
300 ## - PHYSICAL DESCRIPTION
Extent 32 p.
440 ## - SERIES STATEMENT/ADDED ENTRY--TITLE
Title Spy files
500 ## - GENERAL NOTE
General note Contents: Codes and ciphers -- The Caesar cipher -- Code breaking -- Morse code -- Visual codes -- Navajo code talkers -- One-time pads -- Cipher machines -- Purple intelligence -- Enigma -- Secret writing -- Microdots -- Radio communications. Notes: Includes index.
520 ## - SUMMARY, ETC.
Summary, etc "Discusses the difference between codes and ciphers, common codes and ciphers that have been used during wars, and how to create simple ciphers"--Provided by publisher.
650 ## - SUBJECT ADDED ENTRY--TOPICAL TERM
Topical term or geographic name as entry element Ciphers --Juvenile literature.
650 ## - SUBJECT ADDED ENTRY--TOPICAL TERM
Topical term or geographic name as entry element Cryptography --Juvenile literature.
Holdings
Withdrawn status Lost status Damaged status Use restrictions Home library Current library Shelving location Date acquired Source of acquisition Cost, normal purchase price Total Checkouts Full call number Barcode Date last seen Price effective from Koha item type
        Munich Library Munich Library Main Section 07/22/2010   75.00   M 652.8 G54 2008 M6350 04/14/2014 04/14/2014 Books

Codes and ciphers.

APA

Gilbert A., . (2008). Codes and ciphers. London: QED.

Chicago

Gilbert Adrian, . 2008. Codes and ciphers. London: QED.

Harvard

Gilbert A., . (2008). Codes and ciphers. London: QED.

MLA

Gilbert Adrian, . Codes and ciphers. London: QED. 2008.

  • Place hold
  • Print
  • Cite
  • Add to your cart (remove)
  • Save record
    BIBTEX Dublin Core MARCXML MARC (non-Unicode/MARC-8) MARC (Unicode/UTF-8) MARC (Unicode/UTF-8, Standard) MODS (XML) RIS
  • More searches
    Search for this title in:
    Other Libraries (WorldCat) Other Databases (Google Scholar) Online Stores (Bookfinder.com) Open Library (openlibrary.org)

Exporting to Dublin Core...

SOUTHVILLE LIBRARY

Southville International School and Colleges Library

1281 Tropical Ave. Cor. Luxembourg St., BF Homes International, Las Pinas City

Tel. No. 8256374 / 252358 Loc. 117/146

Powered by Koha